[Event "Tradewise Gibraltar Master 2015"]
[Site "Gibraltar ENG"]
[Date "2015.02.04"]
[Round "9.54"]
[White "Neelotpal, Das"]
[Black "Lombaers, Peter"]
[Result "1-0"]
[WhiteElo "2437"]
[BlackElo "2291"]
[PlyCount "107"]
[EventDate "2015.01.27"]
[EventType "swiss"]
[EventRounds "10"]
[EventCountry "ENG"]
[Source "lmi"]
[SourceDate "2015.01.27"]

1. d4 f5 2. g3 Nf6 3. Bg2 g6 4. c4 Bg7 5. Nf3 d6 6. O-O O-O 7. Nc3 Nc6 8. d5
Ne5 9. Nxe5 dxe5 10. Qb3 Kh8 11. Rd1 h6 12. c5 a6 13. Bd2 Rb8 14. Qa3 Qe8 15.
Rac1 g5 16. c6 b6 17. e3 Qf7 18. Qb4 Ne8 19. f4 e4 20. Ne2 Nf6 21. Bc3 Nxd5 22.
Bxg7+ Kxg7 23. Qd4+ Nf6 24. Qe5 e6 25. Rd2 Kg6 26. Rf1 Qg7 27. h3 Nd5 28. Rxd5
exd5 29. Qxd5 Qf7 30. Qe5 Re8 31. Qc3 a5 32. fxg5 hxg5 33. g4 Qf6 34. gxf5+ Kg7
35. Qc4 b5 36. Qc2 Qe5 37. f6+ Kf8 38. Nd4 Re6 39. Nxe6+ Bxe6 40. Qd1 Bf7 41.
Qg4 Bg6 42. Qd7 Bf7 43. Rf5 Qe6 44. Rxg5 Qxf6 45. Rf5 Qe7 46. Qd4 Qh4 47. Rf4
Qg5 48. Qh8+ Qg8 49. Qe5 Rd8 50. Rg4 Qh7 51. Qxc7 Rd1+ 52. Kh2 Rd2 53. Qb8+ Ke7
54. c7 1-0

[Event "Tradewise Gibraltar Master 2015"]
[Site "Gibraltar ENG"]
[Date "2015.02.04"]
[Round "9.55"]
[White "Nagy, Gabor"]
[Black "Janev, Pavel"]
[Result "1-0"]
[WhiteElo "2410"]
[BlackElo "2196"]
[PlyCount "62"]
[EventDate "2015.01.27"]
[EventType "swiss"]
[EventRounds "10"]
[EventCountry "ENG"]
[Source "lmi"]
[SourceDate "2015.01.27"]

1. Nf3 b6 2. g3 Bb7 3. Bg2 g6 4. c4 e5 5. O-O Bg7 6. d3 Ne7 7. Nc3 O-O 8. Bd2
f5 9. b4 d6 10. e4 c5 11. Ng5 Qd7 12. b5 h6 13. Nf3 f4 14. gxf4 exf4 15. Re1 g5
16. e5 g4 17. e6 Qe8 18. Kh1 Qh5 19. Rg1 gxf3 20. Bf1 Qf5 21. Nd5 Nxd5 22. Qxf3
Qxe6 23. Bh3 Qf7 24. Rxg7+ Kxg7 25. Rg1+ Kh8 26. cxd5 Nd7 27. Bxd7 Qxd7 28. Qh5
Rf6 29. Bc3 Kh7 30. Bxf6 Rg8 31. Rxg8 Kxg8 1-0

[Event "Tradewise Gibraltar Master 2015"]
[Site "Gibraltar ENG"]
[Date "2015.02.04"]
[Round "9.56"]
[White "Blomqvist, Erik"]
[Black "Boyer Censore, Giuseppe Enmanu"]
[Result "1-0"]
[WhiteElo "2520"]
[BlackElo "1960"]
[PlyCount "88"]
[EventDate "2015.01.27"]
[EventType "swiss"]
[EventRounds "10"]
[EventCountry "ENG"]
[Source "lmi"]
[SourceDate "2015.01.27"]

1. e4 c5 2. Nf3 e6 3. g3 Nc6 4. Bg2 Nf6 5. Qe2 Qc7 6. O-O d6 7. c3 Be7 8. d4
O-O 9. dxc5 dxc5 10. e5 Nd7 11. Bf4 Rd8 12. h4 Nb6 13. Nbd2 h6 14. c4 Nb4 15.
Ne1 Bd7 16. Ne4 Bc6 17. b3 Bf8 18. a3 Na6 19. h5 Rd7 20. Nc2 Kh8 21. Ne3 Rad8
22. Ng4 Bxe4 23. Bxe4 Nc8 24. Rad1 Ne7 25. Rxd7 Qxd7 26. Ne3 b6 27. Qf3 Kg8 28.
Rd1 Qe8 29. Bc2 Nb8 30. Rd6 Nec6 31. Qe4 g6 32. Ng4 Bg7 33. Bxh6 Bh8 34. hxg6
fxg6 35. Rxd8 Nxd8 36. Bg5 Nbc6 37. Bf6 Bg7 38. Bxg7 Kxg7 39. Qf4 Qf8 40. Qh6+
Kf7 41. Bxg6+ Ke7 42. Qh7+ Nf7 43. Nh6 Ncd8 44. Nxf7 Nxf7 1-0

[Event "Tradewise Gibraltar Master 2015"]
[Site "Gibraltar ENG"]
[Date "2015.02.04"]
[Round "9.57"]
[White "Bogner, Sebastian"]
[Black "Cordes, Hans-Joerg"]
[Result "1-0"]
[WhiteElo "2565"]
[BlackElo "2262"]
[PlyCount "73"]
[EventDate "2015.01.27"]
[EventType "swiss"]
[EventRounds "10"]
[EventCountry "ENG"]
[Source "lmi"]
[SourceDate "2015.01.27"]

1. Nf3 d5 2. c4 e6 3. g3 c5 4. cxd5 exd5 5. d4 Nc6 6. Bg2 Nf6 7. O-O Be7 8.
dxc5 Bxc5 9. a3 Ne4 10. b4 Be7 11. Bb2 Bf6 12. Bxf6 Qxf6 13. Ra2 O-O 14. b5 Ne5
15. Nfd2 Nd6 16. Nc3 d4 17. Nd5 Qh6 18. Qa4 Bh3 19. Qxd4 Rfe8 20. Qf4 Qe6 21.
Bxh3 Qxd5 22. Rb2 Ng6 23. Qf3 Qe5 24. Rb4 Qxe2 25. Qxe2 Rxe2 26. Rd1 Rae8 27.
Kf1 Ne4 28. Nxe4 R2xe4 29. Rxe4 Rxe4 30. Rd8+ Nf8 31. Ra8 Ra4 32. b6 a5 33. Rb8
Rxa3 34. Rxb7 Rb3 35. Rb8 g6 36. Bc8 Rb1+ 37. Kg2 1-0

[Event "Tradewise Gibraltar Master 2015"]
[Site "Gibraltar ENG"]
[Date "2015.02.04"]
[Round "9.58"]
[White "Scharrer, Patrick"]
[Black "Georgiadis, Nico"]
[Result "0-1"]
[WhiteElo "2231"]
[BlackElo "2490"]
[PlyCount "70"]
[EventDate "2015.01.27"]
[EventType "swiss"]
[EventRounds "10"]
[EventCountry "ENG"]
[Source "lmi"]
[SourceDate "2015.01.27"]

1. e4 e5 2. Nf3 Nc6 3. Bc4 Bc5 4. d3 Nf6 5. h3 a6 6. Bb3 d6 7. c3 Ba7 8. O-O h6
9. Re1 g5 10. Nh2 Qe7 11. Nd2 Be6 12. Ndf1 O-O-O 13. Be3 Bxe3 14. Nxe3 h5 15.
Nhf1 g4 16. h4 d5 17. exd5 Nxd5 18. g3 f5 19. Bxd5 Bxd5 20. Nxd5 Rxd5 21. Ne3
Rd7 22. Nxf5 Qh7 23. Ne3 Rxd3 24. Qe2 e4 25. Nc4 b5 26. Nd2 e3 27. fxe3 Ne5 28.
Rf1 Rhd8 29. Nb3 Qe4 30. Rf4 Nf3+ 31. Kf2 Qe7 32. Rd4 Nxd4 33. Nxd4 Rf8+ 34.
Kg1 Qxe3+ 35. Qxe3 Rxe3 0-1

[Event "Tradewise Gibraltar Master 2015"]
[Site "Gibraltar ENG"]
[Date "2015.02.04"]
[Round "9.59"]
[White "Spence, David J"]
[Black "Almagro Llamas, Pablo"]
[Result "0-1"]
[WhiteElo "2231"]
[BlackElo "2469"]
[PlyCount "60"]
[EventDate "2015.01.27"]
[EventType "swiss"]
[EventRounds "10"]
[EventCountry "ENG"]
[Source "lmi"]
[SourceDate "2015.01.27"]

1. e4 c5 2. c3 e6 3. d4 d5 4. exd5 Qxd5 5. Nf3 Nf6 6. Be3 cxd4 7. cxd4 Nc6 8.
Nc3 Qa5 9. a3 Be7 10. Bd3 O-O 11. O-O Rd8 12. Qe2 Bd7 13. Rad1 a6 14. Rfe1 Be8
15. Nd2 Qc7 16. Nf3 Rac8 17. Bg5 Nxd4 18. Nxd4 Rxd4 19. Bxf6 Bxf6 20. Bxh7+ Kf8
21. Be4 Rcd8 22. Rxd4 Bxd4 23. Qf3 b5 24. h4 a5 25. h5 Qe5 26. Rb1 Rc8 27. Ne2
Bb6 28. Nf4 Kg8 29. Rd1 Rc4 30. Re1 Bc6 0-1

[Event "Tradewise Gibraltar Master 2015"]
[Site "Gibraltar ENG"]
[Date "2015.02.04"]
[Round "9.60"]
[White "Galmandakh, Badrakh"]
[Black "Docx, Stefan"]
[Result "1/2-1/2"]
[WhiteElo "2240"]
[BlackElo "2450"]
[PlyCount "62"]
[EventDate "2015.01.27"]
[EventType "swiss"]
[EventRounds "10"]
[EventCountry "ENG"]
[Source "lmi"]
[SourceDate "2015.01.27"]

1. d3 e5 2. Nf3 Nc6 3. e4 Bc5 4. Nxe5 Bxf2+ 5. Kxf2 Nxe5 6. d4 Nc6 7. c3 Qh4+
8. g3 Qxe4 9. Bd3 Qd5 10. Re1+ Nce7 11. Na3 d6 12. Be4 Qe6 13. Bxb7 Qf5+ 14.
Qf3 Qxf3+ 15. Bxf3 Rb8 16. b3 Bb7 17. d5 Nf6 18. Bg5 Kd7 19. c4 Ng6 20. Bxf6
gxf6 21. Nb5 Ne5 22. Be4 a6 23. Nd4 Rbe8 24. Kg2 c5 25. dxc6+ Nxc6 26. Bxc6+
Bxc6+ 27. Nxc6 Kxc6 28. Rxe8 Rxe8 29. Rf1 Re6 30. Rf5 Re2+ 31. Rf2 Re6 1/2-1/2

[Event "Tradewise Gibraltar Master 2015"]
[Site "Gibraltar ENG"]
[Date "2015.02.04"]
[Round "9.61"]
[White "Martinez Martin, David"]
[Black "Urbina Perez, Juan Antonio"]
[Result "1/2-1/2"]
[WhiteElo "2407"]
[BlackElo "2221"]
[PlyCount "128"]
[EventDate "2015.01.27"]
[EventType "swiss"]
[EventRounds "10"]
[EventCountry "ENG"]
[Source "lmi"]
[SourceDate "2015.01.27"]

1. d4 d5 2. c4 c6 3. Nf3 Nf6 4. e3 Bg4 5. Nbd2 e6 6. Bd3 Nbd7 7. Qc2 Bd6 8. O-O
O-O 9. c5 Bc7 10. b4 Bxf3 11. Nxf3 e5 12. dxe5 Nxe5 13. Nxe5 Bxe5 14. Bb2 Bxb2
15. Qxb2 Qe7 16. Qd4 Rfe8 17. Rab1 a6 18. a4 g6 19. Rfc1 Nd7 20. b5 axb5 21.
axb5 Ra5 22. bxc6 bxc6 23. Rb7 Qe6 24. Be2 Nf6 25. h3 Rea8 26. Rcb1 Ra4 27. Bg4
Rxd4 28. Bxe6 Re4 29. Bxf7+ Kf8 30. Rc7 Re7 31. Rbb7 Rxc7 32. Rxc7 Ra5 33. Be6
Rxc5 34. Rf7+ Ke8 35. Rxf6 Ke7 36. Rf7+ Kxe6 37. Rxh7 Rc1+ 38. Kh2 c5 39. Rg7
Kf6 40. Rc7 Rc3 41. Rc6+ Kf7 42. Rd6 Rd3 43. Kg3 c4 44. Kf4 Rd2 45. f3 Ke7 46.
Rxg6 Kd7 47. Ra6 c3 48. Ra3 c2 49. Rc3 Rxg2 50. h4 Kd6 51. h5 Rh2 52. h6 Rh4+
53. Kf5 Rc4 54. Rxc4 dxc4 55. h7 c1=Q 56. h8=Q Qxe3 57. Qb8+ Kc6 58. Qa8+ Kb5
59. Qb7+ Ka4 60. Qa6+ Kb4 61. Qb7+ Kc3 62. f4 Kc2 63. Qe4+ Qd3 64. Ke5 c3
1/2-1/2

[Event "Tradewise Gibraltar Master 2015"]
[Site "Gibraltar ENG"]
[Date "2015.02.04"]
[Round "9.62"]
[White "Barrenechea Bahamonde, Gustavo"]
[Black "Zude, Arno"]
[Result "0-1"]
[WhiteElo "2223"]
[BlackElo "2377"]
[PlyCount "52"]
[EventDate "2015.01.27"]
[EventType "swiss"]
[EventRounds "10"]
[EventCountry "ENG"]
[Source "lmi"]
[SourceDate "2015.01.27"]

1. e4 e5 2. Nf3 Nc6 3. Bc4 Bc5 4. b4 Bxb4 5. c3 Ba5 6. d4 d6 7. Qb3 Qd7 8. O-O
Bb6 9. Nbd2 Na5 10. Qb1 f6 11. Bd3 Ne7 12. Nc4 O-O 13. Nxb6 axb6 14. Nh4 Qg4
15. Nf5 Nxf5 16. exf5 Bd7 17. f3 Qh4 18. d5 Qa4 19. Re1 Nc4 20. g4 Qb5 21. Re4
Qc5+ 22. Kg2 Ra4 23. Bc2 Na3 24. Bxa4 Nxb1 25. Bxd7 Qxc3 26. g5 Qxc1 0-1

[Event "Tradewise Gibraltar Master 2015"]
[Site "Gibraltar ENG"]
[Date "2015.02.04"]
[Round "9.63"]
[White "Al-Tamimi, Hamad"]
[Black "Khademalsharieh, Sarasadat"]
[Result "1/2-1/2"]
[WhiteElo "2214"]
[BlackElo "2372"]
[PlyCount "86"]
[EventDate "2015.01.27"]
[EventType "swiss"]
[EventRounds "10"]
[EventCountry "ENG"]
[Source "lmi"]
[SourceDate "2015.01.27"]

1. e4 e5 2. Nf3 Nc6 3. Nc3 Nf6 4. Bb5 Bc5 5. Nxe5 Nxe5 6. d4 Bd6 7. f4 Nc6 8.
e5 Bb4 9. exf6 Qxf6 10. Be3 Bxc3+ 11. bxc3 d5 12. O-O Bf5 13. Bd3 O-O 14. Qh5
g6 15. Qg5 Kg7 16. Bf2 a6 17. Bh4 Qe6 18. Rae1 f6 19. Rxe6 fxg5 20. Bxf5 gxh4
21. Bd3 Rae8 22. Rxe8 Rxe8 23. Kf2 Kf6 24. Re1 Rxe1 25. Kxe1 b5 26. Kf2 h5 27.
Ke3 Ne7 28. Kf3 Ng8 29. Bf1 Nh6 30. Bd3 Ng4 31. h3 Nh6 32. Ke3 Nf7 33. Kf3 Nd6
34. Ke3 Nc8 35. Kf3 Nb6 36. Ke3 Na4 37. Kd2 c6 38. Bf1 a5 39. Bd3 Nb2 40. Ke2
Na4 41. Kd2 g5 42. fxg5+ Kxg5 43. Be2 Nb6 1/2-1/2

[Event "Tradewise Gibraltar Master 2015"]
[Site "Gibraltar ENG"]
[Date "2015.02.04"]
[Round "9.64"]
[White "Ladron De Guevara Pinto, Paolo"]
[Black "Perez Garcia, Alejandro"]
[Result "1-0"]
[WhiteElo "2367"]
[BlackElo "2207"]
[PlyCount "83"]
[EventDate "2015.01.27"]
[EventType "swiss"]
[EventRounds "10"]
[EventCountry "ENG"]
[Source "lmi"]
[SourceDate "2015.01.27"]

1. e4 c5 2. Nf3 Nc6 3. d4 cxd4 4. Nxd4 g6 5. Nc3 Bg7 6. Be3 Nf6 7. Bc4 O-O 8.
Bb3 d6 9. f3 Bd7 10. h4 Nxd4 11. Bxd4 b5 12. h5 a5 13. hxg6 hxg6 14. Nd5 Nxd5
15. Bxd5 Rc8 16. Qd2 Rxc2 17. Qxc2 Bxd4 18. Qd2 Bg7 19. a3 Qb6 20. Ke2 e6 21.
Bb3 b4 22. a4 Bc8 23. Rac1 Rd8 24. f4 d5 25. e5 Ba6+ 26. Kf3 d4 27. Kg4 d3 28.
Bc4 Bb7 29. Rh3 Be4 30. Re3 Qd4 31. Bb5 Bf5+ 32. Kf3 Qd5+ 33. Kf2 Bf8 34. g4
Bc5 35. gxf5 Bxe3+ 36. Qxe3 d2 37. Rd1 exf5 38. b3 Kg7 39. Bc4 Qd7 40. e6 fxe6
41. Bxe6 Qd6 42. Qa7+ 1-0

[Event "Tradewise Gibraltar Master 2015"]
[Site "Gibraltar ENG"]
[Date "2015.02.04"]
[Round "9.65"]
[White "Lejlic, Samir"]
[Black "Balogun, Oluwafemi"]
[Result "0-1"]
[WhiteElo "2354"]
[BlackElo "2193"]
[PlyCount "70"]
[EventDate "2015.01.27"]
[EventType "swiss"]
[EventRounds "10"]
[EventCountry "ENG"]
[Source "lmi"]
[SourceDate "2015.01.27"]

1. e4 d6 2. d4 Nf6 3. Nc3 g6 4. Be3 a6 5. Qd2 b5 6. f3 Nbd7 7. g4 Nb6 8. a4 b4
9. Nd1 a5 10. c3 bxc3 11. bxc3 Bg7 12. Bh6 O-O 13. h4 e5 14. h5 Qe7 15. Ra2 d5
16. Bxg7 Kxg7 17. Qg5 h6 18. Qxe5 Qxe5 19. dxe5 Nfd7 20. hxg6 Nxe5 21. Rah2
fxg6 22. Rxh6 dxe4 23. g5 Bd7 24. Rh7+ Kg8 25. f4 Rxf4 26. Rh8+ Kf7 27. R1h7+
Ke6 28. Rxa8 Nxa8 29. Ne2 Nd3+ 30. Kd2 Rxf1 31. Ne3 Rf2 32. Ng4 Rf7 33. Rh8 Nb6
34. Ke3 Kd5 35. Nf6+ Rxf6 0-1

[Event "Tradewise Gibraltar Master 2015"]
[Site "Gibraltar ENG"]
[Date "2015.02.04"]
[Round "9.66"]
[White "Zwahr, Paul"]
[Black "Heer, Stephan"]
[Result "1-0"]
[WhiteElo "2354"]
[BlackElo "2157"]
[PlyCount "65"]
[EventDate "2015.01.27"]
[EventType "swiss"]
[EventRounds "10"]
[EventCountry "ENG"]
[Source "lmi"]
[SourceDate "2015.01.27"]

1. e4 g6 2. d4 Bg7 3. Nc3 d6 4. f4 a6 5. Nf3 b5 6. Bd3 Nd7 7. e5 Bb7 8. Be4
Bxe4 9. Nxe4 d5 10. Nf2 e6 11. Be3 h5 12. g3 Nh6 13. Nd3 Bf8 14. Qd2 Nf5 15.
Bf2 c6 16. h3 Be7 17. O-O-O a5 18. g4 Ng7 19. Qe1 Qb6 20. Bh4 Bxh4 21. Qxh4 b4
22. Kb1 a4 23. Qf2 Qb5 24. Nh4 b3 25. cxb3 axb3 26. a3 Ra4 27. Nc1 c5 28. f5
exf5 29. gxf5 g5 30. Nf3 Nxf5 31. Nxg5 Nh6 32. e6 fxe6 33. Nxe6 1-0

[Event "Tradewise Gibraltar Master 2015"]
[Site "Gibraltar ENG"]
[Date "2015.02.04"]
[Round "9.67"]
[White "Hellwig, Tobias"]
[Black "Wemmers, Xander"]
[Result "0-1"]
[WhiteElo "2172"]
[BlackElo "2353"]
[PlyCount "128"]
[EventDate "2015.01.27"]
[EventType "swiss"]
[EventRounds "10"]
[EventCountry "ENG"]
[Source "lmi"]
[SourceDate "2015.01.27"]

1. d4 Nf6 2. c4 e6 3. Nc3 Bb4 4. Qc2 Nc6 5. Nf3 d5 6. a3 Bxc3+ 7. bxc3 Na5 8.
cxd5 exd5 9. Bg5 Qd6 10. e3 Ne4 11. Bf4 Qe7 12. Qa4+ Nc6 13. c4 Be6 14. Ne5 O-O
15. Nxc6 Qd7 16. Bd3 bxc6 17. cxd5 Bxd5 18. Qc2 Rfe8 19. f3 Nf6 20. O-O Rad8
21. Rfe1 h6 22. Bg3 a5 23. Rac1 Rb8 24. Bf2 Qe7 25. e4 Bb3 26. Qc5 Be6 27. Qxc6
Qxa3 28. Bf1 Rec8 29. Ra1 Qb4 30. Ra4 Bd7 31. Rxb4 Bxc6 32. Rc4 Bb5 33. Rc5 c6
34. Ra1 Nd7 35. Rc3 a4 36. Bg3 Ra8 37. Bd6 Nf8 38. Ba3 Bxf1 39. Kxf1 Ne6 40.
Rd1 Rcb8 41. Ke2 Rb3 42. Kd3 Nxd4 43. Kc4 Rxc3+ 44. Kxc3 Ne2+ 45. Kc4 Nf4 46.
Rd2 Ne6 47. Bd6 f6 48. Kb4 Kf7 49. Rc2 Ke8 50. Bg3 a3 51. Ra2 Nd4 52. Bf4 Kd7
53. Bc1 Kd6 54. Bxa3 c5+ 55. Kc4 Kc6 56. f4 Ra4+ 57. Kc3 Nb5+ 58. Kb3 Rxe4 59.
Bc1 Kd5 60. Ra8 Nd4+ 61. Kc3 Ne2+ 62. Kd2 Nxc1 63. Kxc1 Rxf4 64. Rg8 Rf1+ 0-1

[Event "Tradewise Gibraltar Master 2015"]
[Site "Gibraltar ENG"]
[Date "2015.02.04"]
[Round "9.68"]
[White "Soumya, Swaminathan"]
[Black "Schneider, German"]
[Result "1/2-1/2"]
[WhiteElo "2346"]
[BlackElo "2150"]
[PlyCount "85"]
[EventDate "2015.01.27"]
[EventType "swiss"]
[EventRounds "10"]
[EventCountry "ENG"]
[Source "lmi"]
[SourceDate "2015.01.27"]

1. e4 c5 2. Nf3 d6 3. d4 cxd4 4. Nxd4 Nf6 5. Nc3 a6 6. Be3 e5 7. Nb3 Be6 8. Qd2
Be7 9. O-O-O Nbd7 10. f4 Ng4 11. g3 Nxe3 12. Qxe3 b5 13. Qf3 b4 14. Nd5 Bxd5
15. Rxd5 Qc7 16. h4 O-O 17. fxe5 dxe5 18. Qf5 Nb6 19. Ra5 Rfc8 20. Rh2 Nc4 21.
Bxc4 Qxc4 22. Rf2 Bd8 23. Rd5 Ra7 24. Nc5 Qxc5 25. Rxc5 Rxc5 26. Rd2 Be7 27. g4
g6 28. Qf2 Rac7 29. g5 a5 30. Kd1 Rc4 31. Qf3 h5 32. Qg2 a4 33. b3 axb3 34.
axb3 R7c5 35. Qf1 Ra5 36. Ke2 Rc3 37. Qb1 Bc5 38. Rd3 Bd4 39. Rxc3 Bxc3 40. Qd1
Ra1 41. Qd8+ Kg7 42. Qf6+ Kg8 43. Qd8+ 1/2-1/2

[Event "Tradewise Gibraltar Master 2015"]
[Site "Gibraltar ENG"]
[Date "2015.02.04"]
[Round "9.69"]
[White "Vuilleumier, Alexandre"]
[Black "Seyfried, Claus"]
[Result "1-0"]
[WhiteElo "2336"]
[BlackElo "2147"]
[PlyCount "103"]
[EventDate "2015.01.27"]
[EventType "swiss"]
[EventRounds "10"]
[EventCountry "ENG"]
[Source "lmi"]
[SourceDate "2015.01.27"]

1. e4 e5 2. Nf3 Nc6 3. Nc3 Nf6 4. Bb5 Bd6 5. O-O O-O 6. a3 Nd4 7. d3 c6 8. Bc4
Bc7 9. Nxd4 exd4 10. Ne2 d5 11. exd5 Nxd5 12. Nxd4 Nb6 13. Be3 Nxc4 14. dxc4
Qh4 15. f4 Re8 16. Qd2 Bg4 17. Rae1 Rad8 18. Bf2 Qf6 19. Rxe8+ Rxe8 20. Re1 Rd8
21. g3 h5 22. Qc3 h4 23. Nb3 Qg6 24. Bd4 Bxf4 25. gxf4 Bh3+ 26. Kf2 Qg2+ 27.
Ke3 Re8+ 28. Be5 f6 29. Re2 Qg1+ 30. Kd2 fxe5 31. Qxh3 Rd8+ 32. Kc3 exf4 33.
Qe6+ Kh8 34. Qf5 Qf1 35. Qh5+ Kg8 36. Re8+ Rxe8 37. Qxe8+ Kh7 38. Qh5+ Kg8 39.
Qxh4 Qf3+ 40. Kb4 Qe3 41. Qd8+ Kf7 42. Qd7+ Kg8 43. Nd4 Qe5 44. Qc8+ Kh7 45.
Qf5+ Qxf5 46. Nxf5 Kg6 47. Nd4 Kg5 48. Kc3 Kg4 49. Kd3 Kh3 50. Ke4 g5 51. Ne6
Kg4 52. c5 1-0

[Event "Tradewise Gibraltar Master 2015"]
[Site "Gibraltar ENG"]
[Date "2015.02.04"]
[Round "9.70"]
[White "Santos Ruiz, Miguel"]
[Black "Kim, Yongjoo"]
[Result "1-0"]
[WhiteElo "2310"]
[BlackElo "1903"]
[PlyCount "39"]
[EventDate "2015.01.27"]
[EventType "swiss"]
[EventRounds "10"]
[EventCountry "ENG"]
[Source "lmi"]
[SourceDate "2015.01.27"]

1. Nf3 Nf6 2. c4 c6 3. e3 d5 4. Nc3 e6 5. b3 Bd6 6. Bb2 O-O 7. Qc2 Nbd7 8. Rg1
dxc4 9. bxc4 b6 10. g4 Bb7 11. g5 Ne8 12. Bd3 g6 13. Ne4 Be7 14. h4 f5 15. gxf6
Nexf6 16. Neg5 b5 17. h5 h6 18. Nh3 g5 19. Nfxg5 Nxh5 20. Nxe6+ 1-0

[Event "Tradewise Gibraltar Master 2015"]
[Site "Gibraltar ENG"]
[Date "2015.02.04"]
[Round "9.71"]
[White "Elishev, Ivan"]
[Black "Olsarova, Tereza"]
[Result "1/2-1/2"]
[WhiteElo "2153"]
[BlackElo "2288"]
[PlyCount "116"]
[EventDate "2015.01.27"]
[EventType "swiss"]
[EventRounds "10"]
[EventCountry "ENG"]
[Source "lmi"]
[SourceDate "2015.01.27"]

1. e4 e5 2. Nf3 Nc6 3. Bb5 a6 4. Bxc6 dxc6 5. O-O Ne7 6. d4 exd4 7. Qxd4 Qxd4
8. Nxd4 c5 9. Ne2 Bd7 10. b3 Nc6 11. Bb2 f6 12. Nbc3 c4 13. Nd5 Rc8 14. bxc4
Na5 15. Rad1 Nxc4 16. Bd4 Bd6 17. Rd3 O-O 18. f4 Rce8 19. Ng3 Rf7 20. Re1 Bc6
21. Re2 b5 22. Kf2 f5 23. e5 Bxd5 24. exd6 Rxe2+ 25. Nxe2 Nxd6 26. Be5 Bc4 27.
Rd1 Rd7 28. Ke1 Re7 29. Nd4 g6 30. Kf2 Ne4+ 31. Ke3 Rd7 32. Ra1 Nc3 33. Nb3 Ne4
34. g4 Kf7 35. gxf5 gxf5 36. Nd4 Be6 37. a4 Nf6 38. Bxf6 Kxf6 39. axb5 axb5 40.
Nxb5 Bc4 41. Nc3 Rg7 42. Kd4 Be6 43. Nd5+ Bxd5 44. Kxd5 Rd7+ 45. Kc5 Rd2 46.
Ra6+ Ke7 47. Rh6 Rxc2+ 48. Kd5 Kf7 49. Rxh7+ Kg6 50. Rh8 Rf2 51. Rg8+ Kf7 52.
Rc8 Rxf4 53. Ke5 Rf2 54. Rxc7+ Kg6 55. Rc8 Re2+ 56. Kf4 Rxh2 57. Rc6+ Kf7 58.
Kxf5 Rf2+ 1/2-1/2

[Event "Tradewise Gibraltar Master 2015"]
[Site "Gibraltar ENG"]
[Date "2015.02.04"]
[Round "9.72"]
[White "Bar, Aviv"]
[Black "Viana, Dirceu"]
[Result "1/2-1/2"]
[WhiteElo "2142"]
[BlackElo "2268"]
[PlyCount "83"]
[EventDate "2015.01.27"]
[EventType "swiss"]
[EventRounds "10"]
[EventCountry "ENG"]
[Source "lmi"]
[SourceDate "2015.01.27"]

1. e4 e6 2. d4 d5 3. Nd2 c5 4. Ngf3 a6 5. c3 Nc6 6. Bd3 cxd4 7. cxd4 dxe4 8.
Nxe4 Bb4+ 9. Nc3 Nf6 10. O-O O-O 11. a3 Be7 12. Re1 Qd6 13. Be3 b5 14. Ng5 Bb7
15. Nge4 Nxe4 16. Nxe4 Qd5 17. Nc5 Bxc5 18. dxc5 Na5 19. Bf1 Nb3 20. Qxd5 Bxd5
21. Rad1 Rfc8 22. f3 Nxc5 23. Rc1 Nb3 24. Rxc8+ Rxc8 25. Bd3 g6 26. Re2 f6 27.
Rc2 Rxc2 28. Bxc2 Na5 29. Kf2 Kf7 30. Bd2 Nc4 31. Bc3 e5 32. Bb3 Ke6 33. Bxc4
Bxc4 34. Ke3 g5 35. g3 h5 36. f4 Kf5 37. fxe5 fxe5 38. h4 gxh4 39. gxh4 Bd5 40.
Ba5 Bg2 41. Kf2 Bc6 42. Ke3 1/2-1/2

[Event "Tradewise Gibraltar Master 2015"]
[Site "Gibraltar ENG"]
[Date "2015.02.04"]
[Round "9.73"]
[White "Lobersli, Henrik Oie"]
[Black "Frisk, Ellinor"]
[Result "0-1"]
[WhiteElo "1957"]
[BlackElo "2266"]
[PlyCount "116"]
[EventDate "2015.01.27"]
[EventType "swiss"]
[EventRounds "10"]
[EventCountry "ENG"]
[Source "lmi"]
[SourceDate "2015.01.27"]

1. d4 Nf6 2. c4 e6 3. Nc3 Bb4 4. Qc2 c5 5. dxc5 Bxc5 6. Nf3 Qb6 7. e3 Qc7 8.
Be2 a6 9. O-O b6 10. b3 Bb7 11. Bb2 Be7 12. Rac1 d6 13. Nd4 Nbd7 14. f4 O-O 15.
Bf3 Rac8 16. Qe2 Rfe8 17. Bxb7 Qxb7 18. Qf3 Qxf3 19. gxf3 g6 20. Rfd1 Red8 21.
Rd2 Ne8 22. Rcd1 Ng7 23. Nde2 f5 24. Nc1 Kf7 25. Nd3 Ne8 26. Kf2 Nef6 27. Nc1
Nc5 28. Nd3 Nxd3+ 29. Rxd3 Rc6 30. Ba3 Ne8 31. Bb4 Bf6 32. a4 Rdc8 33. Ne2 Be7
34. Ba3 Rb8 35. Nd4 Rc7 36. R3d2 Nf6 37. Nc2 Ne8 38. Nd4 Rbc8 39. Bb4 Nf6 40.
Ne2 d5 41. Bxe7 Kxe7 42. cxd5 Nxd5 43. Rd3 Rc2 44. R1d2 R8c7 45. Rxc2 Rxc2 46.
Ke1 Rb2 47. Kd1 Rb1+ 48. Nc1 Nb4 49. Rd2 a5 50. Rd4 Na2 51. Rc4 h5 52. Kd2 Nxc1
53. Rxc1 Rxb3 54. h4 Rb4 55. Ra1 Kd6 56. Kd3 Kd5 57. Ra3 Rb1 58. e4+ Kd6 0-1

[Event "Tradewise Gibraltar Master 2015"]
[Site "Gibraltar ENG"]
[Date "2015.02.04"]
[Round "9.74"]
[White "Raznikov, Danny"]
[Black "Herman, Diego"]
[Result "1-0"]
[WhiteElo "2494"]
[BlackElo "2148"]
[PlyCount "43"]
[EventDate "2015.01.27"]
[EventType "swiss"]
[EventRounds "10"]
[EventCountry "ENG"]
[Source "lmi"]
[SourceDate "2015.01.27"]

1. d4 d6 2. Nf3 f5 3. c4 Nf6 4. Nc3 g6 5. g3 Bg7 6. Bg2 O-O 7. O-O Nc6 8. d5
Ne5 9. Nxe5 dxe5 10. Qb3 h6 11. c5 Kh8 12. Rd1 g5 13. Bd2 f4 14. Be1 h5 15. Ne4
Nxe4 16. Bxe4 h4 17. Rac1 hxg3 18. hxg3 Rf6 19. Ba5 Ra6 20. d6 Rxa5 21. Qf7
cxd6 22. Rxd6 1-0

[Event "Tradewise Gibraltar Master 2015"]
[Site "Gibraltar ENG"]
[Date "2015.02.04"]
[Round "9.75"]
[White "Tveten, Per"]
[Black "Bullock, Lee"]
[Result "1/2-1/2"]
[WhiteElo "1601"]
[BlackElo "1519"]
[PlyCount "80"]
[EventDate "2015.01.27"]
[EventType "swiss"]
[EventRounds "10"]
[EventCountry "ENG"]
[Source "lmi"]
[SourceDate "2015.01.27"]

1. e4 c5 2. c4 d6 3. Nc3 Nf6 4. h3 g6 5. d3 Bg7 6. Nf3 O-O 7. g3 a6 8. Bd2 Nc6
9. Qc1 Re8 10. Bg2 Nb4 11. Bf1 Rb8 12. a3 Nc6 13. Rb1 b5 14. b3 b4 15. Nd5 Nxd5
16. cxd5 Nd4 17. Bg2 bxa3 18. Nxd4 a2 19. Nc6 axb1=Q 20. Qxb1 Qb6 21. Nxb8 Qxb8
22. O-O e6 23. Qc2 exd5 24. exd5 Bf5 25. Re1 Rxe1+ 26. Bxe1 Qb5 27. Be4 Bxh3
28. Qc4 Qb6 29. Kh2 Bg4 30. Bxg6 Bd1 31. Be4 Bxb3 32. Qc1 Qd8 33. Qf4 Bd1 34.
f3 Qf6 35. Qg4 Qh6+ 36. Kg2 Qe3 37. Bc3 Qh6 38. Qc8+ Bf8 39. Qg4+ Bg7 40. Qc8+
Bf8 1/2-1/2

[Event "Tradewise Gibraltar Master 2015"]
[Site "Gibraltar ENG"]
[Date "2015.02.04"]
[Round "9.76"]
[White "Povah, Nigel E"]
[Black "Tscharotschkin, Michael"]
[Result "1-0"]
[WhiteElo "2324"]
[BlackElo "2144"]
[PlyCount "61"]
[EventDate "2015.01.27"]
[EventType "swiss"]
[EventRounds "10"]
[EventCountry "ENG"]
[Source "lmi"]
[SourceDate "2015.01.27"]

1. d4 e6 2. Nf3 d5 3. e3 Nd7 4. Bd3 Bd6 5. c4 c6 6. Nc3 Ngf6 7. O-O O-O 8. e4
dxe4 9. Nxe4 Nxe4 10. Bxe4 f5 11. Bd3 e5 12. c5 Bb8 13. Ng5 Nf6 14. dxe5 Bxe5
15. Re1 Bc7 16. Bc4+ Nd5 17. Qh5 h6 18. Nh3 Kh7 19. Bg5 Nf6 20. Qh4 b5 21. Bb3
Ba5 22. Re2 Bd7 23. Rd1 Rb8 24. g3 Rb7 25. Rd6 Bc7 26. Rxf6 Rxf6 27. Bxf6 gxf6
28. Qh5 Be5 29. Qf7+ Kh8 30. Nf4 Bxf4 31. Re7 1-0